00724nam a2200217 a 450000100060000000300090000600500170001500800410003202000180007304000280009104100130011908200180013210000250015024501580017525000120033326000330034530000560037850000220043465000270045670000230048325121CO-ViMGA20230915232043.0141112s2004 ck r 000 u spa d a9788481749120 aCO-ViMGAbspacCO-ViMGA aspa eng04a636.089 E77t1 aEttinger, Stephen J.10aTratado de medicina interna veterinaria : benfermedades del perro y el gato / cStephen J. Ettinger, Edward C. Feldman ; revisión Alicia Caro Vadillo. a6a. ed. aMadrid : bElsevier, c2007. a2 v., (1991, xxvi p.) : il. ; 28 cm + 1 CD - Rom. aIncluye índice.14aPerros - Enfermedades.1 aFeldman, Edward C.